Recubrimientos epoxi en polvo /
Guardado en:
| Autor Principal: | |
|---|---|
| Formato: | Libro |
| Idioma: | Spanish |
| Publicado: |
[Barcelona :
Cedel,
1959]
|
| Materias: | |
| Etiquetas: |
Agregar Etiqueta
Sin Etiquetas, Sea el primero en etiquetar este registro!
|
| LEADER | 00755nam a22002175a 4500 | ||
|---|---|---|---|
| 001 | EIQ.libpla002458 | ||
| 008 | 070615s1959####sp#ao####b####000#0#spa#d | ||
| 005 | 20070615175643.0 | ||
| 245 | 1 | 0 | |a Recubrimientos epoxi en polvo / |c S. Kut. |
| 260 | |a [Barcelona : |b Cedel, |c 1959] | ||
| 300 | |a [48] p. : |b il., fotos ; |c 24 cm. | ||
| 500 | |a Es tirada aparte de la Revista Pinturas y acabados industriales, nº 65. | ||
| 504 | |a Incluye referencias bibliogràficas. | ||
| 020 | |a 8435202410 | ||
| 100 | 1 | |a Kut, S. | |
| 650 | 4 | |a Polímeros |x Metalización. | |
| 650 | 4 | |a Polímeros |x Pintura industrial. | |
| 650 | 4 | |a Polymers |x Industrial painting. | |
| 650 | 4 | |a Polymers |x Bonding. | |
| 040 | |a AR-BbSID |b spa |c AR-BbSID | ||
| 859 | |a AR-BbSID |b BIB. PLAPIQUI |h 668.422 6 |i K 95 |p 1219 | ||
